000 00523nam a2200157 4500
001 112658
003 ES-MaACL
005 20230906185603.0
007 t|
008 061121s1949 it r ||||1| ita d
100 1 _aMurano, Michelangelo.
_984537
245 1 0 _aMostra del restauro di monumenti e opere d'arte danneggiate dalla guerra /
_ccatálogo a cura di Michelangelo Murano.
260 _aVenezia :
_bSoprintendenza Ai Monumenti,
_c1949.
300 _a206 p. :
_bIl ;
_c21 cm.
852 _aES-MaACL
_jC-22038
_bR.50224
999 _c112658
_d112658